00429nam a2200121Ia 45000010005000000080041000050820030000461000063000762450102001392600024002419010027002659990015002922065241024s9999 xx 000 0 und d aRD/379.7293/R426p/2006-07 aRepública Dominicana.Secretaria de Estado de Educación 0aPautas para la apertura del año escolar 2006-2007 con alegría y esperanza vuelvo a mi escuela bSanto Domingoc2007 a11/1/2012 2:05:48 p.m. c8276d8276